[Event "Verbandsliga Suedbaden 2223"]
[Site "Germany"]
[Date "2023.05.07"]
[Round "9.2"]
[White "Hasenohr, Benedict"]
[Black "Schild, Christoph"]
[Result "0-1"]
[WhiteElo "2311"]
[BlackElo "2317"]
[PlyCount "112"]
[EventDate "2022.09.25"]
[EventType "team-tourn"]
[EventRounds "9"]
[EventCountry "GER"]
[SourceTitle "EXT 2024"]
[Source "ChessBase"]
[SourceDate "2023.10.10"]
[SourceVersion "1"]
[SourceVersionDate "2023.10.10"]
[SourceQuality "1"]
[WhiteTeam "Gottmadingen"]
[BlackTeam "Zaehringen"]
[WhiteTeamCountry "GER"]
[BlackTeamCountry "GER"]

1. d4 e6 2. c4 Nf6 3. Nc3 Bb4 4. e3 0-0 5. a3 Bxc3+ 6. bxc3 d6 7. Ne2 c5 8. Ng3 Qa5 9. Bd2 Qc7 10. e4 Nc6 11. Bg5 Ne8 12. d5 Na5 13. Bd3 b6 14. Nf1 f6 15. Bh4 e5 16. Ne3 Qf7 17. g4 g6 18. Qf3 Ng7 19. Ke2 h5 20. Rag1 hxg4 21. Nxg4 Bxg4 22. Qxg4 g5 23. Bg3 Qh5 24. Qxh5 Nxh5 25. h4 g4 26. Bh2 Kf7 27. Rxg4 Rh8 28. Rhg1 Rh7 29. f4 Rah8 30. Rf1 Ke7 31. fxe5 dxe5 32. Rfg1 Nb7 33. a4 Kf7 34. Ke3 Rg7 35. Be2 Rxg4 36. Bxg4 Ng7 37. Bg3 Na5 38. Kd3 Ne8 39. h5 Ke7 40. Bh4 Nd6 41. Be6 Ne8 42. Rh1 Rxh5 43. Ke2 Nxc4 44. Kf3 Ncd6 45. Kg4 Rh7 46. a5 Nxe4 47. axb6 axb6 48. Ra1 Nc7 49. Ra7 Kd6 50. Rb7 Rg7+ 51. Kf5 Nxe6 52. Rxb6+ Kxd5 53. c4+ Kd4 54. Rxe6 Rg1 55. Ra6 Rf1+ 56. Ke6 Rh1 0-1

[Event "Verbandsliga Suedbaden 2223"]
[Site "Germany"]
[Date "2023.02.12"]
[Round "6.2"]
[White "Schild, Christoph"]
[Black "Miezis, Normunds"]
[Result "0-1"]
[WhiteElo "2317"]
[BlackElo "2440"]
[PlyCount "94"]
[EventDate "2022.09.25"]
[EventType "team-tourn"]
[EventRounds "9"]
[EventCountry "GER"]
[SourceTitle "EXT 2024"]
[Source "ChessBase"]
[SourceDate "2023.10.10"]
[SourceVersion "1"]
[SourceVersionDate "2023.10.10"]
[SourceQuality "1"]
[WhiteTeam "Zaehringen"]
[BlackTeam "Emmendingen"]
[WhiteTeamCountry "GER"]
[BlackTeamCountry "GER"]

1. Nf3 c5 2. c4 Nc6 3. Nc3 g6 4. g3 Bg7 5. Bg2 e5 6. d3 Nge7 7. Bd2 d6 8. a3 a5 9. Rb1 h6 10. 0-0 0-0 11. Ne1 Be6 12. Nc2 d5 13. cxd5 Nxd5 14. Ne3 Nde7 15. Na4 b6 16. b4 cxb4 17. axb4 Ra7 18. b5 Nd4 19. Nc4 Bg4 20. f3 Bd7 21. Naxb6 Bxb5 22. e3 Bxc4 23. dxc4 Ne6 24. Qe1 Ra6 25. Na4 Qd7 26. Rb5 Qc6 27. Qe2 Nf5 28. Rfb1 Nd6 29. Bf1 e4 30. fxe4 Nxb5 31. cxb5 Qxe4 32. bxa6 Qxb1 33. Bxa5 Qb3 34. Nb6 Nd4 35. Qf2 Nc6 36. Nc4 Nxa5 37. Nxa5 Qb6 38. Nb7 h5 39. Kg2 Bh6 40. e4 Be3 41. Qe2 Rc8 42. e5 Qb3 43. Qd3 Qb2+ 44. Kf3 Ba7 45. Ke4 Qb4+ 46. Kd5 Rc3 47. Qb5 Qd4# 0-1

[Event "Verbandsliga Suedbaden 2223"]
[Site "Germany"]
[Date "2022.12.04"]
[Round "4.2"]
[White "Schild, Christoph"]
[Black "Schwing, Hans Elmar"]
[Result "1-0"]
[WhiteElo "2317"]
[BlackElo "2319"]
[PlyCount "117"]
[EventDate "2022.09.25"]
[EventType "team-tourn"]
[EventRounds "9"]
[EventCountry "GER"]
[SourceTitle "EXT 2024"]
[Source "ChessBase"]
[SourceDate "2023.10.10"]
[SourceVersion "1"]
[SourceVersionDate "2023.10.10"]
[SourceQuality "1"]
[WhiteTeam "Zaehringen"]
[BlackTeam "Dreisamtal"]
[WhiteTeamCountry "GER"]
[BlackTeamCountry "GER"]

1. Nf3 d5 2. g3 Nf6 3. Bg2 c6 4. 0-0 Bg4 5. d4 Nbd7 6. Nbd2 e6 7. c4 h6 8. Re1 Bf5 9. a3 Be7 10. Qb3 Rb8 11. Nh4 Bh7 12. cxd5 cxd5 13. e4 0-0 14. exd5 Nxd5 15. Nhf3 N7f6 16. Nc4 Rc8 17. Nfe5 Rc7 18. Bd2 Qb8 19. Rac1 Rfc8 20. Ne3 Rxc1 21. Bxc1 Rd8 22. Nxd5 Nxd5 23. Bh3 Rd6 24. Nc4 Ra6 25. Bg2 Bf6 26. Qb5 Nb6 27. Bf4 Qd8 28. Bxb7 Bd3 29. Qxa6 Bxc4 30. Qxa7 Bxd4 31. Qb8 Qxb8 32. Bxb8 Bxb2 33. Rb1 Na4 34. Be4 Bxa3 35. Be5 f6 36. Rb8+ Kf7 37. Rb7+ Kf8 38. Ra7 Bb5 39. Bd4 Bb2 40. Rxa4 Bxa4 41. Bxb2 Kf7 42. Kg2 e5 43. h4 Ke6 44. Bg6 Bd1 45. f4 exf4 46. gxf4 Bg4 47. Kg3 Bf5 48. Bxf5+ Kxf5 49. h5 Ke6 50. Kg4 f5+ 51. Kf3 Kf7 52. Ke3 g6 53. hxg6+ Kxg6 54. Ba3 Kg7 55. Bd6 Kg6 56. Ba3 Kg7 57. Bb4 Kg6 58. Kd4 Kh5 59. Bf8 1-0

[Event "Verbandsliga Suedbaden 2223"]
[Site "Germany"]
[Date "2022.11.20"]
[Round "3.2"]
[White "Schlindwein, Rolf"]
[Black "Schild, Christoph"]
[Result "1/2-1/2"]
[WhiteElo "2379"]
[BlackElo "2317"]
[PlyCount "44"]
[EventDate "2022.09.25"]
[EventType "team-tourn"]
[EventRounds "9"]
[EventCountry "GER"]
[SourceTitle "EXT 2024"]
[Source "ChessBase"]
[SourceDate "2023.10.10"]
[SourceVersion "1"]
[SourceVersionDate "2023.10.10"]
[SourceQuality "1"]
[WhiteTeam "Baden-Baden IV"]
[BlackTeam "Zaehringen"]
[WhiteTeamCountry "GER"]
[BlackTeamCountry "GER"]

1. d4 e6 2. g3 Nf6 3. Bg2 d5 4. Nf3 Be7 5. 0-0 0-0 6. c4 c6 7. Nbd2 b6 8. Qc2 Bb7 9. e4 dxe4 10. Nxe4 Nbd7 11. Rd1 Qc8 12. Ne5 Rd8 13. Bg5 h6 14. Nxd7 hxg5 15. Ne5 Nd7 16. Nf3 g4 17. Ne5 Nxe5 18. dxe5 Qc7 19. Nd6 Bxd6 20. exd6 Rxd6 21. Qe2 Rad8 22. Qxg4 Qd7 1/2-1/2

[Event "Verbandsliga Suedbaden 2122"]
[Site "Baden"]
[Date "2022.04.03"]
[Round "8.3"]
[White "Sonnenfeld, Daniel"]
[Black "Schild, Christoph"]
[Result "1-0"]
[WhiteElo "2091"]
[BlackElo "2317"]
[PlyCount "49"]
[EventDate "2021.10.10"]
[EventType "team-tourn"]
[EventRounds "9"]
[EventCountry "GER"]
[SourceTitle "EXT 2023"]
[Source "ChessBase"]
[SourceDate "2022.10.05"]
[SourceVersion "1"]
[SourceVersionDate "2022.10.05"]
[SourceQuality "1"]
[WhiteTeam "Oberwinden"]
[BlackTeam "Zaehringen"]
[WhiteTeamCountry "GER"]
[BlackTeamCountry "GER"]

1. d4 e6 2. Nf3 Nf6 3. Bg5 Be7 4. e3 b6 5. Be2 Bb7 6. 0-0 h6 7. Bh4 d6 8. h3 Ne4 9. Bxe7 Qxe7 10. Nfd2 Nf6 11. Bf3 d5 12. c4 g5 13. cxd5 exd5 14. Nc3 h5 15. e4 g4 16. Re1 Kf8 17. Nxd5 Nxd5 18. exd5 Qb4 19. Be4 Qxd4 20. Qc2 Na6 21. d6 Bxe4 22. Nxe4 cxd6 23. Rad1 Qg7 24. Qc6 Rb8 25. Qxd6+ 1-0

[Event "Verbandsliga Suedbaden 1819"]
[Site "Baden"]
[Date "2019.03.10"]
[Round "7.1"]
[White "Merkel, Markus"]
[Black "Schild, Christoph"]
[Result "1-0"]
[WhiteElo "2152"]
[BlackElo "2317"]
[PlyCount "95"]
[EventDate "2018.10.14"]
[EventType "team-tourn"]
[EventRounds "9"]
[EventCountry "GER"]
[SourceTitle "EXT 2020"]
[Source "ChessBase"]
[SourceDate "2019.10.17"]
[SourceVersion "1"]
[SourceVersionDate "2019.10.17"]
[SourceQuality "1"]
[WhiteTeam "Heitersheim"]
[BlackTeam "Zaehringen"]
[WhiteTeamCountry "GER"]
[BlackTeamCountry "GER"]

1. d4 e6 2. c4 Nf6 3. g3 Bb4+ 4. Bd2 Qe7 5. Bg2 0-0 6. a3 Bxd2+ 7. Qxd2 e5 8. dxe5 Qxe5 9. Nc3 a5 10. Nf3 Qe7 11. Nd4 d6 12. 0-0 c6 13. Rfd1 Rd8 14. Rac1 Qf8 15. h3 Nbd7 16. Qc2 Nc5 17. b4 axb4 18. axb4 Ne6 19. Nf5 g6 20. Ne3 h5 21. h4 Nd7 22. Ne4 Ne5 23. f4 Ra3 24. fxe5 Rxe3 25. Kf2 Rxe4 26. Qxe4 dxe5 27. Qxe5 Re8 28. c5 Qh6 29. Rc3 Ng7 30. Qf4 Qxf4+ 31. gxf4 Nf5 32. Rcd3 Nxh4 33. Rd8 Kf8 34. e4 Nxg2 35. Kxg2 Ke7 36. Rxe8+ Kxe8 37. Kg3 Ke7 38. Kh4 Bg4 39. Ra1 Bf3 40. Re1 f6 41. Re3 Bg4 42. Rd3 Kf7 43. Rd6 Ke7 44. Kg3 Be6 45. b5 g5 46. f5 Bd7 47. b6 Bc8 48. Rd1 1-0

[Event "Verbandsliga Suedbaden 1819"]
[Site "Baden"]
[Date "2018.10.14"]
[Round "1.1"]
[White "Schild, Christoph"]
[Black "Weindl, Alfred"]
[Result "1/2-1/2"]
[WhiteElo "2317"]
[BlackElo "2319"]
[PlyCount "41"]
[EventDate "2018.10.14"]
[EventType "team-tourn"]
[EventRounds "9"]
[EventCountry "GER"]
[SourceTitle "EXT 2020"]
[Source "ChessBase"]
[SourceDate "2019.10.17"]
[SourceVersion "1"]
[SourceVersionDate "2019.10.17"]
[SourceQuality "1"]
[WhiteTeam "Zaehringen"]
[BlackTeam "Gottmadingen"]
[WhiteTeamCountry "GER"]
[BlackTeamCountry "GER"]

1. c4 e5 2. g3 Nc6 3. Bg2 g6 4. Nc3 Bg7 5. Rb1 d6 6. b4 Bf5 7. b5 Nce7 8. d3 Qc8 9. a4 Nf6 10. a5 Rb8 11. Bg5 h6 12. Bxf6 Bxf6 13. Nd5 Bg7 14. Nxe7 Kxe7 15. e4 Bg4 16. Ne2 h5 17. h4 Bh6 18. Qc2 Kf8 19. 0-0 Bxe2 20. Qxe2 Qg4 21. Qxg4 1/2-1/2

[Event "Verbandsliga Suedbaden 1617"]
[Site "Baden"]
[Date "2017.05.14"]
[Round "9.1"]
[White "Schild, Christoph"]
[Black "Steiger, Wolfgang"]
[Result "1-0"]
[WhiteElo "2353"]
[BlackElo "2280"]
[PlyCount "93"]
[EventDate "2016.10.09"]
[EventType "team-tourn"]
[EventRounds "9"]
[EventCountry "GER"]
[SourceTitle "EXT 2022"]
[Source "ChessBase"]
[SourceDate "2021.10.06"]
[SourceVersion "1"]
[SourceVersionDate "2021.10.06"]
[SourceQuality "1"]
[WhiteTeam "Zaehringen"]
[BlackTeam "Gottmadingen"]
[WhiteTeamCountry "GER"]
[BlackTeamCountry "GER"]

1. c4 c5 2. Nc3 g6 3. g3 Bg7 4. Bg2 Nc6 5. Nf3 e5 6. 0-0 Nge7 7. Ne1 d6 8. Nc2 Rb8 9. Ne3 0-0 10. d3 a6 11. a4 Nb4 12. Bd2 Be6 13. Ncd5 Nbxd5 14. cxd5 Bc8 15. a5 f5 16. Nc4 f4 17. Rb1 g5 18. b4 Bg4 19. Re1 cxb4 20. Bxb4 Nc8 21. Be4 Qf6 22. f3 fxg3 23. hxg3 Bd7 24. Kg2 Rf7 25. Rh1 Bf8 26. Bc3 Bf5 27. Ne3 Bxe4 28. dxe4 Qd8 29. Qd3 Ne7 30. Bd2 Ng6 31. Rh5 Rc7 32. Rbh1 Qe8 33. Nf5 Nh4+ 34. R1xh4 gxh4 35. Rxh4 Kh8 36. Bh6 b5 37. axb6 Rxb6 38. Bxf8 Qxf8 39. Rh6 a5 40. Re6 Rc5 41. Qa3 Rc2 42. Nxd6 Rxe2+ 43. Kh3 Rb8 44. Qc3 Kg8 45. Nf5 Rb1 46. Qxe5 h5 47. Rg6+ 1-0

[Event "Verbandsliga Suedbaden 1516"]
[Site "Baden"]
[Date "2016.03.06"]
[Round "7.1"]
[White "Grunau, Christoph"]
[Black "Schild, Christoph"]
[Result "0-1"]
[WhiteElo "2194"]
[BlackElo "2363"]
[PlyCount "106"]
[EventDate "2015.09.27"]
[EventType "team-tourn"]
[EventRounds "9"]
[EventCountry "GER"]
[SourceTitle "EXT 2022"]
[Source "ChessBase"]
[SourceDate "2021.10.06"]
[SourceVersion "1"]
[SourceVersionDate "2021.10.06"]
[SourceQuality "1"]
[WhiteTeam "Heitersheim"]
[BlackTeam "Zaehringen"]
[WhiteTeamCountry "GER"]
[BlackTeamCountry "GER"]

1. e4 e6 2. d4 d5 3. exd5 exd5 4. Nf3 Nf6 5. Bd3 Nc6 6. 0-0 Bg4 7. Bb5 Be7 8. h3 Bxf3 9. Qxf3 0-0 10. Rd1 Nb4 11. Ba4 c6 12. c3 Na6 13. Bc2 Nc7 14. Nd2 Ne6 15. Nf1 Re8 16. Ng3 g6 17. Re1 Bf8 18. Bd2 Bg7 19. Rad1 Qd7 20. Re2 h5 21. Rde1 Nf8 22. Bg5 Rxe2 23. Rxe2 N6h7 24. Bc1 Re8 25. Qd3 Nf6 26. Qd1 Rxe2 27. Qxe2 Qe6 28. Kf1 Qd6 29. Qe5 Qxe5 30. dxe5 N6d7 31. f4 h4 32. Ne2 Bh6 33. g3 hxg3 34. Kg2 Bg7 35. h4 Ne6 36. Kxg3 Bf8 37. Nd4 Nxd4 38. cxd4 Bb4 39. h5 Be1+ 40. Kg4 gxh5+ 41. Kxh5 Bf2 42. Bf5 Nb6 43. Bd2 Bxd4 44. Be1 Bxb2 45. Bb4 d4 46. Bd6 Nc4 47. Be7 Ne3 48. Be4 Nd5 49. Bd6 Nxf4+ 50. Kg5 Bc1 51. Kf5 d3 52. Bf3 Ne6 53. Bh5 Ng7+ 0-1

[Event "Berlin Lichtenberger op 14th"]
[Site "Berlin"]
[Date "2015.08.17"]
[Round "3"]
[White "Schild, Christoph"]
[Black "Pluska, Alexander"]
[Result "1-0"]
[WhiteElo "2375"]
[BlackElo "2030"]
[PlyCount "76"]
[EventDate "2015.08.15"]
[EventType "swiss"]
[EventRounds "9"]
[EventCountry "GER"]
[SourceTitle "EXT 2016"]
[Source "ChessBase"]
[SourceDate "2015.10.08"]
[SourceVersion "1"]
[SourceVersionDate "2015.10.08"]
[SourceQuality "1"]

1. Nf3 Nf6 2. c4 c5 3. Nc3 Nc6 4. g3 d5 5. cxd5 Nxd5 6. Bg2 Nc7 7. 0-0 e5 8. d3 Be7 9. Nd2 Bd7 10. Nc4 f6 11. f4 b5 12. Ne3 Rc8 13. Ned5 Nxd5 14. Nxd5 Be6 15. Nxe7 Qxe7 16. fxe5 Nxe5 17. Bf4 0-0 18. Qd2 Qd7 19. Bxe5 fxe5 20. Rxf8+ Rxf8 21. Qe3 Qd4 22. Qxd4 exd4 23. Bc6 Rb8 24. a3 c4 25. Rd1 Rb6 26. Be4 Rd6 27. Kf2 Kf7 28. Rc1 Kf6 29. e3 Ke5 30. Bxh7 Bg4 31. exd4+ Kxd4 32. dxc4 Rh6 33. Bc2 Rxh2+ 34. Kg1 Rh3 35. Kg2 bxc4 36. Re1 Kd5 37. Bd1 Bf5 38. Bf3+ Kc5 1-0

[Event "GER-ch 85th"]
[Site "Verden an der Aller"]
[Date "2014.11.27"]
[Round "7"]
[White "Schild, Christoph"]
[Black "Kuersten, Ruediger"]
[Result "1-0"]
[WhiteElo "2424"]
[BlackElo "2179"]
[PlyCount "97"]
[EventDate "2014.11.21"]
[EventType "swiss"]
[EventRounds "9"]
[EventCountry "GER"]
[SourceTitle "CBM 163 Extra"]
[Source "ChessBase"]
[SourceDate "2014.12.23"]
[SourceVersion "1"]
[SourceVersionDate "2014.12.23"]
[SourceQuality "1"]

1. Nf3 Nf6 2. c4 c6 3. Nc3 d5 4. d4 a6 5. c5 g6 6. Bf4 Bg7 7. Qd2 Bf5 8. Ne5 Nfd7 9. Nf3 0-0 10. h3 e5 11. g4 exf4 12. gxf5 Qc7 13. h4 Nf6 14. Qd3 Nbd7 15. Bh3 Rfe8 16. fxg6 fxg6 17. Bxd7 Qxd7 18. Ne5 Qe6 19. 0-0-0 Ne4 20. Nxe4 dxe4 21. Qa3 Bxe5 22. dxe5 Qxe5 23. Rd7 Re7 24. Rhd1 Qe6 25. Rxe7 Qxe7 26. Qb3+ Kg7 27. Qc3+ Kg8 28. h5 Rd8 29. Qb3+ Kf8 30. Rxd8+ Qxd8 31. hxg6 hxg6 32. Qxb7 e3 33. fxe3 fxe3 34. Qb4 Qe7 35. Qf4+ Kg7 36. Qd4+ Kf7 37. Kc2 Qe6 38. Kd3 g5 39. Qxe3 Qf5+ 40. Kd2 g4 41. Ke1 Qb1+ 42. Kf2 Qxb2 43. Qf4+ Ke7 44. Qd6+ Kf7 45. Qd7+ Kf6 46. Qxc6+ Kg5 47. Qd5+ Kh4 48. Qd8+ Kh3 49. Qd6 1-0

[Event "Deizisau op 9th"]
[Site "Deizisau"]
[Date "2014.10.27"]
[Round "7"]
[White "Guliyev, Namig"]
[Black "Schild, Christoph"]
[Result "1-0"]
[WhiteElo "2556"]
[BlackElo "2438"]
[PlyCount "87"]
[EventDate "2014.10.24"]
[EventType "swiss"]
[EventRounds "7"]
[EventCountry "GER"]
[SourceTitle "EXT 2015"]
[Source "ChessBase"]
[SourceDate "2014.11.20"]
[SourceVersion "1"]
[SourceVersionDate "2014.11.20"]
[SourceQuality "1"]

1. e4 e6 2. d4 d5 3. Nc3 dxe4 4. Nxe4 Nd7 5. Bd3 Ngf6 6. Qe2 Be7 7. Bd2 a5 8. Nf3 a4 9. Neg5 Bd6 10. Ne5 0-0 11. f4 h6 12. h4 c5 13. g4 cxd4 14. Ngxf7 Rxf7 15. Nxf7 Kxf7 16. g5 Ng8 17. 0-0-0 Nc5 18. Bh7 Ke7 19. Rhg1 h5 20. f5 Kd7 21. Qxh5 exf5 22. Qf7+ Ne7 23. Qxg7 Qb6 24. Rge1 a3 25. b4 Kc6 26. Rxe7 Ra4 27. Qf6 Rxb4 28. Bxb4 Qxb4 29. Rxd4 Qb2+ 30. Kd1 Be6 31. Rxe6 Nxe6 32. Rc4+ Kd5 33. Qxf5+ Kxc4 34. Qxe6+ Kc5 35. Be4 Qd4+ 36. Ke2 b6 37. c3 Qe5 38. Qxe5+ Bxe5 39. Kf3 Bxc3 40. Kg4 Kd6 41. h5 Ke7 42. h6 Bd2 43. Bd5 Kf8 44. Kh5 1-0

[Event "Deizisau op 9th"]
[Site "Deizisau"]
[Date "2014.10.26"]
[Round "5"]
[White "Gschnitzer, Oswald"]
[Black "Schild, Christoph"]
[Result "1-0"]
[WhiteElo "2389"]
[BlackElo "2438"]
[PlyCount "95"]
[EventDate "2014.10.24"]
[EventType "swiss"]
[EventRounds "7"]
[EventCountry "GER"]
[SourceTitle "EXT 2015"]
[Source "ChessBase"]
[SourceDate "2014.11.20"]
[SourceVersion "1"]
[SourceVersionDate "2014.11.20"]
[SourceQuality "1"]

1. Nf3 Nf6 2. c4 c5 3. Nc3 g6 4. e4 Nc6 5. d4 cxd4 6. Nxd4 Bg7 7. Be3 0-0 8. Be2 d6 9. 0-0 Bd7 10. Nc2 a5 11. f3 Nb4 12. Nd4 Bc6 13. Rb1 Bd7 14. Qd2 Nc6 15. Ndb5 Ne5 16. Rfd1 Bxb5 17. Nxb5 Nfd7 18. f4 Nc6 19. e5 Nc5 20. Bf3 Ne6 21. Qf2 Qb8 22. exd6 exd6 23. Nxd6 Rd8 24. c5 Bf8 25. Bxc6 bxc6 26. f5 Bxd6 27. fxe6 Bxh2+ 28. Kh1 Rxd1+ 29. Rxd1 fxe6 30. Qf6 Qe5 31. Rd8+ Rxd8 32. Qxd8+ Kf7 33. Qd7+ Kg8 34. Qe8+ Kg7 35. Qe7+ Kg8 36. Bh6 Qe1+ 37. Kxh2 Qe5+ 38. Kg1 Qe1+ 39. Kh2 Qe5+ 40. Kh3 Qf5+ 41. Kg3 Qe5+ 42. Bf4 Qe1+ 43. Kh2 Qe4 44. Qf6 g5 45. Qxg5+ Kf7 46. Be5 Ke8 47. Bd6 Kf7 48. Qf4+ 1-0

[Event "Deizisau op 9th"]
[Site "Deizisau"]
[Date "2014.10.26"]
[Round "4"]
[White "Schild, Christoph"]
[Black "Martin, Richard"]
[Result "1-0"]
[WhiteElo "2438"]
[BlackElo "1858"]
[PlyCount "51"]
[EventDate "2014.10.24"]
[EventType "swiss"]
[EventRounds "7"]
[EventCountry "GER"]
[SourceTitle "EXT 2015"]
[Source "ChessBase"]
[SourceDate "2014.11.20"]
[SourceVersion "1"]
[SourceVersionDate "2014.11.20"]
[SourceQuality "1"]

1. c4 Nf6 2. Nf3 g6 3. g3 Bg7 4. Bg2 d6 5. 0-0 0-0 6. Nc3 e5 7. d3 Nc6 8. Rb1 Bf5 9. e4 Bg4 10. Be3 Nd4 11. Bxd4 exd4 12. Ne2 c5 13. b4 Nd7 14. h3 Bxf3 15. Bxf3 Rb8 16. b5 a5 17. Bg2 b6 18. h4 Ne5 19. Bh3 h5 20. Nf4 Qf6 21. Kg2 Qd8 22. Nd5 Nd7 23. Bxd7 Qxd7 24. Re1 f5 25. exf5 Qf7 26. Ne7+ 1-0

[Event "Deizisau op 9th"]
[Site "Deizisau"]
[Date "2014.10.25"]
[Round "2"]
[White "Schild, Christoph"]
[Black "Hoeglauer, Patrick"]
[Result "1-0"]
[WhiteElo "2438"]
[BlackElo "2042"]
[PlyCount "84"]
[EventDate "2014.10.24"]
[EventType "swiss"]
[EventRounds "7"]
[EventCountry "GER"]
[SourceTitle "EXT 2015"]
[Source "ChessBase"]
[SourceDate "2014.11.20"]
[SourceVersion "1"]
[SourceVersionDate "2014.11.20"]
[SourceQuality "1"]

1. c4 Nf6 2. g3 c6 3. Qa4 e6 4. Nf3 d5 5. d4 Nbd7 6. Nbd2 a6 7. Qc2 g6 8. b3 Bg7 9. Bb2 0-0 10. Bg2 b5 11. 0-0 Qe7 12. e4 Nxe4 13. Nxe4 dxe4 14. Qxe4 Bb7 15. Ne5 Nxe5 16. dxe5 Rab8 17. Qe2 c5 18. Rfd1 Bxg2 19. Kxg2 Rfd8 20. Rxd8+ Rxd8 21. cxb5 Qb7+ 22. Qf3 Qxf3+ 23. Kxf3 axb5 24. Ke2 Kf8 25. f4 Ke8 26. a4 bxa4 27. bxa4 Bf8 28. a5 Ra8 29. Kd3 Kd7 30. Kc4 Kc6 31. Bc3 Be7 32. Rd1 Ra7 33. g4 Ra8 34. Rd3 h5 35. gxh5 gxh5 36. Rg3 Ra7 37. Rg8 h4 38. h3 Rd7 39. Rb8 Kc7 40. Rb1 Rd8 41. a6 Rb8 42. Ba5+ Kc8 1-0

[Event "Oberliga Baden 1415"]
[Site "Baden"]
[Date "2014.09.21"]
[Round "1.1"]
[White "Werner, Clemens"]
[Black "Schild, Christoph"]
[Result "1/2-1/2"]
[WhiteElo "2324"]
[BlackElo "2442"]
[PlyCount "71"]
[EventDate "2014.09.21"]
[EventType "team-tourn"]
[EventRounds "9"]
[EventCountry "GER"]
[SourceTitle "EXT 2016"]
[Source "ChessBase"]
[SourceDate "2015.10.08"]
[SourceVersion "1"]
[SourceVersionDate "2015.10.08"]
[SourceQuality "1"]
[WhiteTeam "Karlsruhe"]
[BlackTeam "Freiburg Zaehringen"]
[WhiteTeamCountry "GER"]
[BlackTeamCountry "GER"]

1. e4 e6 2. d4 d5 3. Nc3 Nf6 4. exd5 exd5 5. Nf3 Bg4 6. Be2 Ne4 7. 0-0 Nxc3 8. bxc3 Nd7 9. Re1 Be7 10. Ng5 Bxe2 11. Qxe2 Kf8 12. Qh5 g6 13. Qh6+ Kg8 14. Bf4 Bf8 15. Qh3 h6 16. Nf3 Bg7 17. Re2 Nf8 18. Rae1 g5 19. Bg3 Bf6 20. Qf5 Kg7 21. h3 Qd7 22. Qd3 Ng6 23. Ne5 Bxe5 24. Bxe5+ Nxe5 25. Rxe5 Rhe8 26. c4 dxc4 27. Qxc4 Rxe5 28. Rxe5 c6 29. Qb4 Re8 30. Rxe8 Qxe8 31. Qxb7 Qe1+ 32. Kh2 Qxf2 33. Qxa7 Qf4+ 34. Kg1 Qc1+ 35. Kh2 Qf4+ 36. Kg1 1/2-1/2

[Event "Berlin Lichtenberger op 13th"]
[Site "Berlin"]
[Date "2014.08.20"]
[Round "5"]
[White "Stern, Rene"]
[Black "Schild, Christoph"]
[Result "1/2-1/2"]
[WhiteElo "2542"]
[BlackElo "2390"]
[PlyCount "31"]
[EventDate "2014.08.16"]
[EventType "swiss"]
[EventRounds "9"]
[EventCountry "GER"]
[SourceTitle "CBM 161 Extra"]
[Source "ChessBase"]
[SourceDate "2014.08.29"]
[SourceVersion "1"]
[SourceVersionDate "2014.08.29"]
[SourceQuality "1"]

1. d4 e6 2. c4 Nf6 3. Nc3 Bb4 4. Bd2 0-0 5. Nf3 Bxc3 6. Bxc3 Ne4 7. Bb4 d6 8. e3 Nc6 9. Ba3 Re8 10. Be2 e5 11. 0-0 Bg4 12. dxe5 dxe5 13. Qc2 Nf6 14. h3 Bd7 15. b3 Qc8 16. Rad1 1/2-1/2

[Event "Berlin Lichtenberger op 13th"]
[Site "Berlin"]
[Date "2014.08.16"]
[Round "1"]
[White "Schleicher, Janek"]
[Black "Schild, Christoph"]
[Result "0-1"]
[WhiteElo "2031"]
[BlackElo "2390"]
[PlyCount "136"]
[EventDate "2014.08.16"]
[EventType "swiss"]
[EventRounds "9"]
[EventCountry "GER"]
[SourceTitle "CBM 161 Extra"]
[Source "ChessBase"]
[SourceDate "2014.08.29"]
[SourceVersion "1"]
[SourceVersionDate "2014.08.29"]
[SourceQuality "1"]

1. d4 e6 2. c4 Nf6 3. Nc3 Bb4 4. Nf3 b6 5. Bg5 Bb7 6. e3 h6 7. Bxf6 Qxf6 8. Be2 Bxc3+ 9. bxc3 Nc6 10. 0-0 0-0 11. Qc2 d6 12. Nd2 Na5 13. Nb3 Qg5 14. e4 Qg6 15. f3 Nc6 16. a4 e5 17. a5 Qg5 18. Qc1 Qe7 19. c5 dxc5 20. dxc5 Nxa5 21. Nxa5 Qxc5+ 22. Kh1 bxa5 23. Qa3 Qxa3 24. Rxa3 f6 25. Rxa5 Rfd8 26. Rfa1 Rd2 27. Bc4+ Kf8 28. Kg1 Ke7 29. Rxa7 Rxa7 30. Rxa7 Rb2 31. Ra2 Rb1+ 32. Kf2 Rc1 33. Ra3 Rc2+ 34. Be2 Rb2 35. Ke3 Kd6 36. h4 g6 37. g3 f5 38. Ba6 Bc6 39. Bd3 fxe4 40. Bxe4 Bxe4 41. Kxe4 Re2+ 42. Kd3 Rg2 43. Ra6+ c6 44. g4 Rh2 45. Ra8 Rxh4 46. Rg8 g5 47. Ke4 Rh3 48. Rg6+ Kc5 49. Rf6 h5 50. gxh5 Rxh5 51. Kxe5 g4+ 52. Ke4 gxf3 53. Kxf3 Re5 54. Kf2 Kb5 55. Rf8 Kc4 56. Rc8 c5 57. Kf3 Kxc3 58. Kf4 Rh5 59. Ke3 c4 60. Ke2 Rd5 61. Rh8 Kc2 62. Rc8 Re5+ 63. Kf3 c3 64. Kf4 Re1 65. Kf3 Kb2 66. Rb8+ Kc1 67. Kf2 Re5 68. Rc8 c2 0-1

[Event "Karl Mala Memorial op-A 17th"]
[Site "Frankfurt"]
[Date "2014.08.03"]
[Round "6"]
[White "Schild, Christoph"]
[Black "Kunin, Vitaly L"]
[Result "1/2-1/2"]
[WhiteElo "2391"]
[BlackElo "2567"]
[PlyCount "181"]
[EventDate "2014.07.31"]
[EventType "swiss"]
[EventRounds "7"]
[EventCountry "GER"]
[SourceTitle "EXT 2015"]
[Source "ChessBase"]
[SourceDate "2014.11.20"]
[SourceVersion "1"]
[SourceVersionDate "2014.11.20"]
[SourceQuality "1"]

1. Nf3 Nf6 2. c4 Nc6 3. g3 e5 4. Bg2 Bc5 5. 0-0 d6 6. Nc3 a6 7. d3 h6 8. e3 0-0 9. a3 Ba7 10. b4 Be6 11. Qe2 Qd7 12. Bb2 Rfe8 13. Rac1 Rad8 14. Rfe1 Bg4 15. Qf1 Qc8 16. Nd2 Ne7 17. Nd5 Nh7 18. h3 Bd7 19. Nxe7+ Rxe7 20. Kh2 Bf5 21. Red1 Ng5 22. Nf3 Rde8 23. Nxg5 hxg5 24. Qh1 e4 25. dxe4 Bxe4 26. Bd4 Bxd4 27. Rxd4 Qf5 28. Rd2 b6 29. Qd1 Re6 30. Bxe4 Rxe4 31. Kg2 Qe5 32. Rd4 Rxd4 33. Qxd4 a5 34. Qxe5 Rxe5 35. Kf3 Kf8 36. Ke2 Ke7 37. Kd3 f5 38. f3 Re6 39. bxa5 bxa5 40. Rb1 Rh6 41. Rb5 Ke6 42. h4 gxh4 43. gxh4 a4 44. f4 Rxh4 45. Ra5 Rh3 46. Kd2 Rh2+ 47. Kd3 Rh3 48. Kd2 g5 49. fxg5 Rg3 50. Rxa4 Rxg5 51. Ra7 c5 52. Ra8 Rg2+ 53. Kd3 Ra2 54. a4 Ra3+ 55. Kd2 Ra2+ 56. Kc3 Kd7 57. a5 Ra3+ 58. Kd2 d5 59. cxd5 Kd6 60. Rd8+ Ke5 61. d6 Rxa5 62. d7 Ke6 63. Rf8 Kxd7 64. Rxf5 Kc6 65. Kc3 Ra3+ 66. Kc4 Ra4+ 67. Kd3 Kb5 68. Rf8 Ra3+ 69. Ke4 c4 70. Rb8+ Kc5 71. Rc8+ Kb4 72. Rb8+ Kc3 73. Kf4 Kd2 74. e4 c3 75. Rd8+ Ke2 76. Rc8 Kd3 77. Rd8+ Ke2 78. Rc8 Kd2 79. Rd8+ Kc1 80. Rc8 Kb2 81. e5 c2 82. Rxc2+ Kxc2 83. e6 Kd2 84. Ke5 Ke3 85. e7 Ra8 86. Ke6 Ke4 87. Kd7 Ra7+ 88. Kd6 Ra8 89. Kd7 Kd5 90. e8Q Rxe8 91. Kxe8 1/2-1/2